[Event "DEM U14 2018"]
[Site "Willingen GER"]
[Date "2018.05.20"]
[Round "2"]
[White "Reimer, Philip"]
[Black "Weihrauch, Jakob"]
[Result "0-1"]
[Termination "normal"]
[Board "9"]
[WhiteElo "1580"]
[BlackElo "2136"]
[WhiteClock "00:00:37"]
[BlackClock "00:22:28"]
[PlyCount "106"]
[WhiteFideId "16235860"]
[BlackFideId "16210115"]
[EventCountry "GER"]
[EventRounds "9"]
[EventType "swiss"]
[EventDate "2018.05.19"]

1. e4 {[%clk 1:30:58]} 1... c5 {[%clk 1:30:54]} 2. Nf3 {[%clk 1:31:24]} 2... d6
{[%clk 1:31:18]} 3. d4 {[%clk 1:31:50]} 3... cxd4 {[%clk 1:31:40]} 4. Nxd4 {
[%clk 1:32:16]} 4... Nf6 {[%clk 1:31:59]} 5. Nc3 {[%clk 1:32:42]} 5... a6 {
[%clk 1:32:20]} 6. Bg5 {[%clk 1:33:06]} 6... Nbd7 {[%clk 1:32:03]} 7. f4 {
[%clk 1:32:33]} 7... Qa5 {[%clk 1:31:37]} 8. Qf3 {[%clk 1:30:46]} 8... h6 {
[%clk 1:27:36]} 9. Bxf6 {[%clk 1:30:19]} 9... Nxf6 {[%clk 1:27:57]} 10. f5 {
[%clk 1:30:27]} 10... g5 {[%clk 1:26:00]} 11. O-O-O {[%clk 1:28:59]} 11... Bg7
{[%clk 1:23:42]} 12. Nb3 {[%clk 1:00:40]} 12... Qe5 {[%clk 1:18:51]} 13. Bc4 {
[%clk 0:52:26]} 13... Bd7 {[%clk 1:12:53]} 14. Kb1 {[%clk 0:43:00]} 14... Rc8 {
[%clk 1:02:38]} 15. Bd5 {[%clk 0:34:17]} 15... b5 {[%clk 0:58:27]} 16. Nc1 {
[%clk 0:28:03]} 16... b4 {[%clk 0:45:47]} 17. Nd3 {[%clk 0:25:16]} 17... Qd4 {
[%clk 0:46:00]} 18. Ne2 {[%clk 0:23:28]} 18... Qb6 {[%clk 0:45:08]} 19. e5 {
[%clk 0:16:38]} 19... Nxd5 {[%clk 0:38:19]} 20. Qxd5 {[%clk 0:16:57]} 20... Bc6
{[%clk 0:36:03]} 21. Qb3 {[%clk 0:14:05]} 21... Bxe5 {[%clk 0:33:15]} 22. Nxe5
{[%clk 0:06:07]} 22... dxe5 {[%clk 0:33:37]} 23. Rhe1 {[%clk 0:05:49]} 23...
Qa5 {[%clk 0:28:47]} 24. Rd2 {[%clk 0:04:55]} 24... Bxg2 {[%clk 0:19:00]} 25.
Nc1 {[%clk 0:05:03]} 25... Bc6 {[%clk 0:18:02]} 26. Nd3 {[%clk 0:04:17]} 26...
e4 {[%clk 0:13:58]} 27. Nxb4 {[%clk 0:04:07]} 27... Ba4 {[%clk 0:08:33]} 28.
Rd5 {[%clk 0:02:25]} 28... Bxb3 {[%clk 0:06:52]} 29. Rxa5 {[%clk 0:02:53]}
29... Bc4 {[%clk 0:06:48]} 30. Rxe4 {[%clk 0:02:21]} 30... Bf1 {[%clk 0:06:05]}
31. Rae5 {[%clk 0:01:22]} 31... O-O {[%clk 0:06:05]} 32. Rxe7 {[%clk 0:01:12]}
32... Rfd8 {[%clk 0:05:55]} 33. Re1 {[%clk 0:00:57]} 33... Bb5 {[%clk 0:06:06]}
34. f6 {[%clk 0:00:41]} 34... Rd6 {[%clk 0:05:21]} 35. Nd3 {[%clk 0:00:43]}
35... Rxf6 {[%clk 0:05:10]} 36. a3 {[%clk 0:00:37]} 36... Kf8 {[%clk 0:02:46]}
37. R7e3 {[%clk 0:00:41]} 37... Rd6 {[%clk 0:02:18]} 38. Ne5 {[%clk 0:00:41]}
38... Rd2 {[%clk 0:01:53]} 39. c4 {[%clk 0:00:41]} 39... Bxc4 {[%clk 0:01:28]}
40. Nxc4 {[%clk 0:01:10]} 40... Rxc4 {[%clk 0:01:51]} 41. R3e2 {[%clk 0:29:17]}
41... Rcc2 {[%clk 0:28:41]} 42. Rxd2 {[%clk 0:29:30]} 42... Rxd2 { [%clk
0:29:07]} 43. h3 {[%clk 0:25:47]} 43... Rd3 {[%clk 0:28:13]} 44. Rh1 { [%clk
0:23:51]} 44... Kg7 {[%clk 0:26:59]} 45. Kc2 {[%clk 0:20:29]} 45... Re3 { [%clk
0:26:10]} 46. Kd2 {[%clk 0:06:35]} 46... Rf3 {[%clk 0:26:20]} 47. a4 { [%clk
0:06:39]} 47... f5 {[%clk 0:24:51]} 48. Rc1 {[%clk 0:03:12]} 48... Rxh3 { [%clk
0:24:31]} 49. Rc6 {[%clk 0:03:35]} 49... g4 {[%clk 0:23:55]} 50. Rxa6 { [%clk
0:03:36]} 50... f4 {[%clk 0:23:14]} 51. Re6 {[%clk 0:02:04]} 51... g3 { [%clk
0:22:09]} 52. Ke2 {[%clk 0:01:00]} 52... Rh2+ {[%clk 0:22:07]} 53. Kf3 { [%clk
0:00:37]} 53... Rf2+ {[%clk 0:22:28]} 0-1

[Event "DEM U14 2018"]
[Site "Willingen GER"]
[Date "2018.05.20"]
[Round "2"]
[White "Lutz, Ruben"]
[Black "Svane, Frederik"]
[Result "0-1"]
[Termination "normal"]
[Board "10"]
[WhiteElo "1940"]
[BlackElo "2264"]
[WhiteClock "00:04:21"]
[BlackClock "00:14:03"]
[PlyCount "123"]
[WhiteFideId "12975974"]
[BlackFideId "12923044"]
[EventCountry "GER"]
[EventRounds "9"]
[EventType "swiss"]
[EventDate "2018.05.19"]

1. d4 {[%clk 1:30:57]} 1... Nf6 {[%clk 1:30:56]} 2. Bf4 {[%clk 1:31:20]} 2...
b6 {[%clk 1:30:19]} 3. e3 {[%clk 1:31:26]} 3... Bb7 {[%clk 1:30:37]} 4. Nd2 {
[%clk 1:31:26]} 4... g6 {[%clk 1:31:01]} 5. Ngf3 {[%clk 1:31:41]} 5... Bg7 {
[%clk 1:31:25]} 6. h3 {[%clk 1:31:32]} 6... O-O {[%clk 1:31:41]} 7. Be2 { [%clk
1:31:38]} 7... c5 {[%clk 1:31:50]} 8. c3 {[%clk 1:31:54]} 8... d6 { [%clk
1:32:02]} 9. O-O {[%clk 1:32:05]} 9... Nbd7 {[%clk 1:32:16]} 10. Bh2 { [%clk
1:30:20]} 10... a6 {[%clk 1:29:49]} 11. a4 {[%clk 1:30:19]} 11... Ra7 { [%clk
1:18:20]} 12. Re1 {[%clk 1:28:56]} 12... Qa8 {[%clk 1:17:39]} 13. Qc2 { [%clk
1:21:14]} 13... Ne4 {[%clk 1:16:20]} 14. Bf1 {[%clk 1:15:35]} 14... Rc8 { [%clk
0:33:12]} 15. Qb3 {[%clk 1:12:21]} 15... cxd4 {[%clk 0:32:07]} 16. exd4 { [%clk
1:10:16]} 16... Bf6 {[%clk 0:24:43]} 17. Nxe4 {[%clk 0:55:26]} 17... Bxe4
{[%clk 0:23:44]} 18. Nd2 {[%clk 0:55:41]} 18... Bd5 {[%clk 0:23:23]} 19. Qd1 {
[%clk 0:55:41]} 19... Rb8 {[%clk 0:08:06]} 20. Qg4 {[%clk 0:43:37]} 20... b5 {
[%clk 0:04:39]} 21. axb5 {[%clk 0:37:27]} 21... axb5 {[%clk 0:05:05]} 22. Rxa7
{[%clk 0:37:49]} 22... Qxa7 {[%clk 0:05:32]} 23. Ne4 {[%clk 0:37:35]} 23... Bg7
{[%clk 0:05:55]} 24. Qg5 {[%clk 0:30:53]} 24... f5 {[%clk 0:03:11]} 25. Nd2 {
[%clk 0:24:56]} 25... Nf6 {[%clk 0:03:39]} 26. Qe3 {[%clk 0:22:54]} 26... Rb7 {
[%clk 0:04:07]} 27. Be2 {[%clk 0:18:56]} 27... Bf7 {[%clk 0:01:56]} 28. Bf3 {
[%clk 0:18:24]} 28... Nd5 {[%clk 0:02:24]} 29. Qd3 {[%clk 0:13:06]} 29... Qa2 {
[%clk 0:01:17]} 30. Qb1 {[%clk 0:07:23]} 30... Qxb1 {[%clk 0:01:37]} 31. Nxb1 {
[%clk 0:05:46]} 31... Ra7 {[%clk 0:00:59]} 32. Bxd5 {[%clk 0:03:36]} 32... Bxd5
{[%clk 0:01:25]} 33. Na3 {[%clk 0:04:00]} 33... Bc6 {[%clk 0:00:34]} 34. Rd1 {
[%clk 0:03:27]} 34... Kf7 {[%clk 0:00:35]} 35. Bf4 35... Bd7 {[%clk 0:00:38]}
36. Be3 {[%clk 0:03:06]} 36... Ra4 {[%clk 0:00:49]} 37. Rd2 {[%clk 0:02:20]}
37... b4 {[%clk 0:00:56]} 38. cxb4 {[%clk 0:02:37]} 38... Rxb4 {[%clk 0:01:23]}
39. Kh2 {[%clk 0:02:35]} 39... Bc6 {[%clk 0:01:21]} 40. f4 {[%clk 0:00:38]}
40... Be4 {[%clk 0:01:32]} 41. Kg3 {[%clk 0:19:18]} 41... Ke6 {[%clk 0:31:22]}
42. Kf2 {[%clk 0:18:57]} 42... Kd5 {[%clk 0:31:45]} 43. g3 {[%clk 0:18:14]}
43... Kc6 {[%clk 0:31:07]} 44. h4 {[%clk 0:15:39]} 44... Kb6 {[%clk 0:28:12]}
45. Ke2 {[%clk 0:15:02]} 45... Ka5 {[%clk 0:23:36]} 46. Kd1 {[%clk 0:11:51]}
46... Ka4 {[%clk 0:23:33]} 47. Kc1 {[%clk 0:09:47]} 47... Kb3 {[%clk 0:23:26]}
48. Nb1 {[%clk 0:08:55]} 48... Ra4 {[%clk 0:23:49]} 49. Na3 {[%clk 0:09:19]}
49... Bf6 {[%clk 0:22:54]} 50. Kd1 {[%clk 0:08:53]} 50... Rb4 {[%clk 0:23:16]}
51. Kc1 {[%clk 0:02:35]} 51... e6 {[%clk 0:23:29]} 52. Kd1 {[%clk 0:02:26]}
52... Bd8 {[%clk 0:23:10]} 53. Kc1 {[%clk 0:02:37]} 53... Bb6 {[%clk 0:23:34]}
54. Bf2 {[%clk 0:02:42]} 54... h6 {[%clk 0:20:11]} 55. Kd1 {[%clk 0:02:50]}
55... Ba5 {[%clk 0:19:23]} 56. Be3 {[%clk 0:02:55]} 56... Rb8 {[%clk 0:19:35]}
57. Rh2 {[%clk 0:03:02]} 57... Bf3+ {[%clk 0:15:47]} 58. Kc1 {[%clk 0:03:28]}
58... Rc8+ {[%clk 0:13:42]} 59. Kb1 {[%clk 0:03:55]} 59... Be4+ {[%clk 0:14:03]
} 60. Ka1 {[%clk 0:04:21]} 60... Rc3 61. Re2 Rd3 62. Nb1 0-1

[Event "DEM U14 2018"]
[Site "Willingen GER"]
[Date "2018.05.20"]
[Round "2"]
[White "Köllner, Ruben Gideon"]
[Black "Hoffmann, Simon"]
[Result "1-0"]
[Termination "normal"]
[Board "11"]
[WhiteElo "2204"]
[BlackElo "1760"]
[WhiteClock "00:40:42"]
[BlackClock "00:31:22"]
[PlyCount "67"]
[WhiteFideId "12993093"]
[BlackFideId "12979686"]
[EventCountry "GER"]
[EventRounds "9"]
[EventType "swiss"]
[EventDate "2018.05.19"]

1. d4 {[%clk 1:30:57]} 1... d5 {[%clk 1:30:55]} 2. Bf4 {[%clk 1:31:23]} 2... c5
{[%clk 1:30:18]} 3. e3 {[%clk 1:31:38]} 3... Nc6 {[%clk 1:30:13]} 4. c3 { [%clk
1:32:00]} 4... Nf6 {[%clk 1:30:03]} 5. Nd2 {[%clk 1:31:57]} 5... e6 { [%clk
1:29:41]} 6. Ngf3 {[%clk 1:31:53]} 6... Bd6 {[%clk 1:26:26]} 7. Bg3 { [%clk
1:32:06]} 7... O-O {[%clk 1:25:30]} 8. Bd3 {[%clk 1:32:18]} 8... b6 { [%clk
1:24:07]} 9. Ne5 {[%clk 1:29:59]} 9... Qc7 {[%clk 1:20:59]} 10. f4 { [%clk
1:24:44]} 10... Ne7 {[%clk 1:17:54]} 11. Bf2 {[%clk 1:20:23]} 11... Bb7 { [%clk
1:14:01]} 12. Qf3 {[%clk 1:18:40]} 12... Nc8 {[%clk 0:59:13]} 13. g4 { [%clk
1:13:09]} 13... Be7 {[%clk 0:54:51]} 14. g5 {[%clk 1:12:58]} 14... Nd7 { [%clk
0:54:59]} 15. Rg1 {[%clk 1:11:49]} 15... Nd6 {[%clk 0:53:56]} 16. Bxh7+ { [%clk
0:56:53]} 16... Kxh7 {[%clk 0:50:31]} 17. Qh5+ {[%clk 0:55:58]} 17... Kg8
{[%clk 0:50:40]} 18. Rg3 {[%clk 0:55:38]} 18... Nxe5 {[%clk 0:46:42]} 19. Rh3 {
[%clk 0:49:58]} 19... f6 {[%clk 0:41:08]} 20. dxe5 {[%clk 0:46:28]} 20... Nf5 {
[%clk 0:38:43]} 21. exf6 {[%clk 0:43:06]} 21... Bxf6 {[%clk 0:37:22]} 22. gxf6
{[%clk 0:42:09]} 22... Rxf6 {[%clk 0:37:05]} 23. Qh7+ {[%clk 0:41:38]} 23...
Kf7 {[%clk 0:35:52]} 24. Nf3 {[%clk 0:41:46]} 24... Ke7 {[%clk 0:34:32]} 25.
Bh4 {[%clk 0:39:52]} 25... Nxh4 {[%clk 0:32:12]} 26. Qxg7+ {[%clk 0:38:04]}
26... Rf7 {[%clk 0:32:29]} 27. Qg5+ {[%clk 0:38:25]} 27... Rf6 {[%clk 0:30:49]}
28. Rxh4 {[%clk 0:38:36]} 28... Raf8 {[%clk 0:31:09]} 29. Rh7+ {[%clk 0:38:51]}
29... R8f7 {[%clk 0:31:05]} 30. Rxf7+ {[%clk 0:39:16]} 30... Kxf7 { [%clk
0:31:29]} 31. Ne5+ {[%clk 0:39:39]} 31... Ke7 {[%clk 0:31:08]} 32. Qg7+ { [%clk
0:39:55]} 32... Kd6 {[%clk 0:31:18]} 33. Qxf6 {[%clk 0:40:19]} 33... Qh7 {[%clk
0:31:22]} 34. Qd8+ {[%clk 0:40:42]} 1-0

[Event "DEM U14 2018"]
[Site "Willingen GER"]
[Date "2018.05.20"]
[Round "2"]
[White "Dahl, Christoph"]
[Black "Haufe, Laurin"]
[Result "1/2-1/2"]
[Termination "normal"]
[Board "12"]
[WhiteElo "1965"]
[BlackElo "1814"]
[WhiteClock "00:07:45"]
[BlackClock "00:55:39"]
[PlyCount "112"]
[WhiteFideId "16240235"]
[BlackFideId "12976504"]
[EventCountry "GER"]
[EventRounds "9"]
[EventType "swiss"]
[EventDate "2018.05.19"]

1. e4 {[%clk 1:30:53]} 1... c5 {[%clk 1:30:30]} 2. Nf3 {[%clk 1:31:04]} 2... d6
{[%clk 1:30:31]} 3. d4 {[%clk 1:31:08]} 3... cxd4 {[%clk 1:30:53]} 4. Nxd4 {
[%clk 1:31:21]} 4... a6 {[%clk 1:30:10]} 5. Nc3 {[%clk 1:31:08]} 5... Nf6 {
[%clk 1:30:21]} 6. Bg5 {[%clk 1:30:42]} 6... e6 {[%clk 1:30:31]} 7. f4 { [%clk
1:30:28]} 7... Nbd7 {[%clk 1:30:12]} 8. Qf3 {[%clk 1:30:18]} 8... Be7 { [%clk
1:30:11]} 9. O-O-O {[%clk 1:29:47]} 9... Qc7 {[%clk 1:30:30]} 10. Bd3 { [%clk
1:29:44]} 10... h6 {[%clk 1:30:29]} 11. Bh4 {[%clk 1:29:34]} 11... g5 { [%clk
1:30:17]} 12. fxg5 {[%clk 1:29:29]} 12... Ne5 {[%clk 1:30:40]} 13. Qe2 { [%clk
1:26:22]} 13... Nfg4 {[%clk 1:30:04]} 14. Nf3 {[%clk 1:17:52]} 14... hxg5
{[%clk 1:30:23]} 15. Bxg5 {[%clk 1:16:37]} 15... Bxg5+ {[%clk 1:30:44]} 16.
Nxg5 {[%clk 1:16:59]} 16... Qc5 {[%clk 1:31:07]} 17. Nh3 {[%clk 1:11:50]} 17...
Bd7 {[%clk 1:31:17]} 18. Qd2 {[%clk 1:08:32]} 18... O-O-O {[%clk 1:28:20]} 19.
Be2 {[%clk 1:00:14]} 19... Bc6 {[%clk 1:26:43]} 20. Bxg4 {[%clk 0:53:43]} 20...
Nxg4 {[%clk 1:27:06]} 21. Ng5 {[%clk 0:42:09]} 21... Ne5 {[%clk 1:22:41]} 22.
Qd4 {[%clk 0:36:06]} 22... Qxd4 {[%clk 1:21:12]} 23. Rxd4 {[%clk 0:36:29]}
23... Rdg8 {[%clk 1:21:30]} 24. Nf3 {[%clk 0:35:08]} 24... Rxg2 {[%clk 1:21:38]
} 25. Nxe5 {[%clk 0:34:35]} 25... dxe5 {[%clk 1:21:57]} 26. Rd2 {[%clk 0:34:45]
} 26... Rxd2 {[%clk 1:20:58]} 27. Kxd2 {[%clk 0:35:09]} 27... f5 { [%clk
1:21:22]} 28. h4 {[%clk 0:35:22]} 28... f4 {[%clk 1:21:22]} 29. h5 { [%clk
0:35:05]} 29... Rh6 {[%clk 1:21:01]} 30. Ke2 {[%clk 0:34:44]} 30... Be8 { [%clk
1:20:25]} 31. Kf2 {[%clk 0:32:44]} 31... Rxh5 {[%clk 1:20:41]} 32. Rxh5 { [%clk
0:32:12]} 32... Bxh5 {[%clk 1:19:55]} 33. Na4 {[%clk 0:31:59]} 33... Bd1 {[%clk
1:19:39]} 34. Nc3 {[%clk 0:30:51]} 34... Bg4 {[%clk 1:19:11]} 35. Nb1 { [%clk
0:28:29]} 35... Kc7 {[%clk 1:19:09]} 36. Nd2 {[%clk 0:27:46]} 36... b5 { [%clk
1:19:22]} 37. c4 {[%clk 0:27:26]} 37... Kc6 {[%clk 1:19:12]} 38. b4 { [%clk
0:26:29]} 38... bxc4 {[%clk 1:11:00]} 39. Nxc4 {[%clk 0:26:51]} 39... Kb5
{[%clk 1:11:26]} 40. Nxe5 {[%clk 0:26:53]} 40... Bh5 {[%clk 1:09:04]} 41. Nd3 {
[%clk 0:26:31]} 41... Kc4 {[%clk 1:02:33]} 42. Nxf4 {[%clk 0:25:50]} 42... Bf7
{[%clk 1:02:53]} 43. Ke3 {[%clk 0:23:28]} 43... Kxb4 {[%clk 1:03:14]} 44. e5 {
[%clk 0:20:08]} 44... Ka3 {[%clk 1:02:02]} 45. Nd3 {[%clk 0:19:06]} 45... a5 {
[%clk 1:02:17]} 46. Nc5 {[%clk 0:09:07]} 46... Kxa2 {[%clk 0:56:36]} 47. Kd4 {
[%clk 0:06:58]} 47... Kb2 {[%clk 0:56:20]} 48. Kd3 {[%clk 0:06:26]} 48... Bg6+
{[%clk 0:55:25]} 49. Kc4 {[%clk 0:06:00]} 49... Bf5 {[%clk 0:55:23]} 50. Kb5 {
[%clk 0:06:22]} 50... Kc3 {[%clk 0:55:38]} 51. Kxa5 {[%clk 0:06:43]} 51... Kd4
{[%clk 0:55:43]} 52. Nd7 {[%clk 0:07:08]} 52... Kd5 {[%clk 0:55:32]} 53. Kb6 {
[%clk 0:07:04]} 53... Bg6 {[%clk 0:55:05]} 54. Kc7 {[%clk 0:07:23]} 54... Be8 {
[%clk 0:55:18]} 55. Nf8 {[%clk 0:07:28]} 55... Kxe5 {[%clk 0:55:39]} 56. Nxe6 {
[%clk 0:07:45]} 56... Kxe6 1/2-1/2

[Event "DEM U14 2018"]
[Site "Willingen GER"]
[Date "2018.05.20"]
[Round "2"]
[White "Sulayev, Daniel"]
[Black "Bornholdt, Joa Max"]
[Result "1-0"]
[Termination "normal"]
[Board "13"]
[WhiteElo "2054"]
[BlackElo "1672"]
[WhiteClock "00:50:23"]
[BlackClock "00:24:22"]
[PlyCount "59"]
[WhiteFideId "12977675"]
[BlackFideId "16253477"]
[EventCountry "GER"]
[EventRounds "9"]
[EventType "swiss"]
[EventDate "2018.05.19"]

1. c4 {[%clk 1:30:59]} 1... c5 {[%clk 1:30:59]} 2. Nc3 {[%clk 1:31:19]} 2...
Nf6 {[%clk 1:30:34]} 3. g3 {[%clk 1:31:21]} 3... e6 {[%clk 1:30:44]} 4. Bg2 {
[%clk 1:30:17]} 4... Be7 {[%clk 1:30:39]} 5. e4 {[%clk 1:30:17]} 5... d6 {
[%clk 1:30:29]} 6. Nge2 {[%clk 1:30:32]} 6... O-O {[%clk 1:30:39]} 7. O-O {
[%clk 1:30:57]} 7... Nbd7 {[%clk 1:30:10]} 8. d3 {[%clk 1:30:38]} 8... a6 {
[%clk 1:29:50]} 9. h3 {[%clk 1:30:34]} 9... Rb8 {[%clk 1:27:10]} 10. a4 { [%clk
1:29:20]} 10... b6 {[%clk 1:25:09]} 11. f4 {[%clk 1:28:50]} 11... Ne8 { [%clk
1:22:20]} 12. g4 {[%clk 1:23:31]} 12... Nc7 {[%clk 1:19:18]} 13. Be3 { [%clk
1:17:27]} 13... b5 {[%clk 1:16:50]} 14. Qd2 {[%clk 1:12:21]} 14... bxc4 { [%clk
1:09:14]} 15. dxc4 {[%clk 1:12:44]} 15... Rb4 {[%clk 1:09:12]} 16. Nc1 { [%clk
1:08:59]} 16... Nb6 {[%clk 0:55:52]} 17. b3 {[%clk 1:08:29]} 17... Nd7 { [%clk
0:52:54]} 18. Rb1 {[%clk 1:07:59]} 18... Ne8 {[%clk 0:51:35]} 19. Rd1 { [%clk
1:06:22]} 19... Qb6 {[%clk 0:44:36]} 20. N1a2 {[%clk 0:54:10]} 20... Qb8 {[%clk
0:26:55]} 21. Nxb4 {[%clk 0:54:19]} 21... cxb4 {[%clk 0:27:17]} 22. Ne2 {[%clk
0:54:12]} 22... Nc5 {[%clk 0:26:56]} 23. Nd4 {[%clk 0:53:37]} 23... a5 { [%clk
0:25:05]} 24. Nc6 24... Qc7 {[%clk 0:24:29]} 25. Nxe7+ {[%clk 0:52:56]} 25...
Qxe7 {[%clk 0:24:58]} 26. Bxc5 {[%clk 0:52:05]} 26... dxc5 { [%clk 0:25:26]}
27. e5 {[%clk 0:52:03]} 27... f6 {[%clk 0:24:43]} 28. Qd8 { [%clk 0:49:52]}
28... Qxd8 {[%clk 0:24:01]} 29. Rxd8 {[%clk 0:50:20]} 29... Nc7 {[%clk
0:24:22]} 30. Rbd1 {[%clk 0:50:23]} 1-0

[Event "DEM U14 2018"]
[Site "Willingen GER"]
[Date "2018.05.20"]
[Round "2"]
[White "Fromm, Marius"]
[Black "Breitzmann, Sander"]
[Result "1-0"]
[Termination "normal"]
[Board "15"]
[WhiteElo "2014"]
[BlackElo "1858"]
[WhiteClock "00:29:38"]
[BlackClock "00:16:35"]
[PlyCount "115"]
[WhiteFideId "12993190"]
[BlackFideId "12987085"]
[EventCountry "GER"]
[EventRounds "9"]
[EventType "swiss"]
[EventDate "2018.05.19"]

1. Nf3 {[%clk 1:30:57]} 1... c5 {[%clk 1:30:48]} 2. c4 {[%clk 1:31:23]} 2...
Nc6 {[%clk 1:31:13]} 3. Nc3 {[%clk 1:31:39]} 3... g6 {[%clk 1:31:37]} 4. g3 {
[%clk 1:32:05]} 4... Bg7 {[%clk 1:32:03]} 5. Bg2 {[%clk 1:32:29]} 5... e6 {
[%clk 1:32:27]} 6. d3 {[%clk 1:32:21]} 6... Nge7 {[%clk 1:32:50]} 7. Bg5 {
[%clk 1:32:43]} 7... h6 {[%clk 1:32:53]} 8. Bd2 {[%clk 1:33:07]} 8... O-O {
[%clk 1:33:10]} 9. Qc1 {[%clk 1:32:53]} 9... Kh7 {[%clk 1:33:26]} 10. a3 {
[%clk 1:32:24]} 10... d6 {[%clk 1:33:18]} 11. Rb1 {[%clk 1:32:22]} 11... b6 {
[%clk 1:31:35]} 12. b4 {[%clk 1:32:27]} 12... Bb7 {[%clk 1:30:45]} 13. b5 {
[%clk 1:32:35]} 13... Na5 {[%clk 1:22:20]} 14. Na4 {[%clk 1:30:41]} 14... Rb8 {
[%clk 1:20:41]} 15. O-O {[%clk 1:29:47]} 15... Bxf3 {[%clk 1:13:14]} 16. Bxf3 {
[%clk 1:28:47]} 16... Nb7 {[%clk 1:10:18]} 17. Nc3 {[%clk 1:24:45]} 17... Qd7 {
[%clk 1:06:37]} 18. Qc2 {[%clk 1:22:01]} 18... Rbe8 {[%clk 0:59:17]} 19. a4 {
[%clk 1:15:25]} 19... d5 {[%clk 0:54:10]} 20. Rfd1 {[%clk 1:12:45]} 20... d4 {
[%clk 0:48:39]} 21. Na2 {[%clk 1:13:03]} 21... f5 {[%clk 0:46:15]} 22. Nc1 {
[%clk 1:12:09]} 22... e5 {[%clk 0:44:12]} 23. a5 {[%clk 1:10:09]} 23... Nd6 {
[%clk 0:41:33]} 24. Bg2 {[%clk 1:06:02]} 24... Qe6 {[%clk 0:35:38]} 25. axb6 {
[%clk 1:03:06]} 25... axb6 {[%clk 0:35:56]} 26. Ra1 {[%clk 0:54:36]} 26... e4 {
[%clk 0:31:07]} 27. Ra6 {[%clk 0:49:32]} 27... Rb8 {[%clk 0:28:52]} 28. Bf4 {
[%clk 0:48:20]} 28... e3 {[%clk 0:27:15]} 29. fxe3 {[%clk 0:43:53]} 29... dxe3
{[%clk 0:27:35]} 30. Nb3 {[%clk 0:44:10]} 30... g5 {[%clk 0:26:08]} 31. Nxc5 {
[%clk 0:42:32]} 31... Qg6 {[%clk 0:22:56]} 32. Bxd6 {[%clk 0:41:45]} 32... Qxd6
{[%clk 0:23:17]} 33. Nb3 {[%clk 0:39:54]} 33... Bd4 {[%clk 0:22:41]} 34. Nxd4 {
[%clk 0:37:05]} 34... Qxd4 {[%clk 0:23:04]} 35. Ra7 {[%clk 0:36:56]} 35... Rf7
{[%clk 0:20:00]} 36. Qa2 {[%clk 0:34:03]} 36... Rbf8 {[%clk 0:19:01]} 37. Qa1 {
[%clk 0:28:48]} 37... Qg4 {[%clk 0:17:22]} 38. Bf3 {[%clk 0:28:07]} 38... Qh3 {
[%clk 0:17:21]} 39. Qe5 {[%clk 0:25:42]} 39... g4 {[%clk 0:12:12]} 40. Bg2 {
[%clk 0:25:21]} 40... Ng6 {[%clk 0:10:55]} 41. Rxf7+ {[%clk 0:25:22]} 41...
Rxf7 {[%clk 0:11:20]} 42. Qe8 {[%clk 0:24:44]} 42... Rf8 {[%clk 0:11:05]} 43.
Qxf8 {[%clk 0:24:57]} 43... Nxf8 {[%clk 0:11:27]} 44. Bxh3 {[%clk 0:25:23]}
44... gxh3 {[%clk 0:11:56]} 45. c5 {[%clk 0:25:26]} 45... bxc5 {[%clk 0:12:18]}
46. b6 {[%clk 0:25:52]} 46... Nd7 {[%clk 0:12:42]} 47. b7 {[%clk 0:26:10]}
47... Kg6 {[%clk 0:13:03]} 48. Rb1 {[%clk 0:26:29]} 48... Nb8 {[%clk 0:13:05]}
49. Ra1 {[%clk 0:26:54]} 49... h5 {[%clk 0:13:18]} 50. Ra8 {[%clk 0:27:20]}
50... Nc6 {[%clk 0:13:46]} 51. b8=Q {[%clk 0:27:43]} 51... Nxb8 52. Rxb8 {
[%clk 0:28:03]} 52... h4 {[%clk 0:14:42]} 53. gxh4 {[%clk 0:28:12]} 53... f4 {
[%clk 0:14:56]} 54. Rc8 {[%clk 0:28:33]} 54... Kh5 {[%clk 0:15:16]} 55. Rxc5+ {
[%clk 0:28:54]} 55... Kxh4 {[%clk 0:15:42]} 56. d4 {[%clk 0:29:03]} 56... Kg4 {
[%clk 0:16:07]} 57. d5 {[%clk 0:29:19]} 57... f3 {[%clk 0:16:35]} 58. Rc4+ {
[%clk 0:29:38]} 1-0

[Event "DEM U14 2018"]
[Site "Willingen GER"]
[Date "2018.05.20"]
[Round "2"]
[White "Astner, Sebastian"]
[Black "Simukov, Erik"]
[Result "1-0"]
[Termination "normal"]
[Board "16"]
[WhiteElo "1860"]
[BlackElo "1750"]
[PlyCount "73"]
[WhiteFideId "12979422"]
[BlackFideId "12995380"]
[EventCountry "GER"]
[EventRounds "9"]
[EventType "swiss"]
[EventDate "2018.05.19"]

1. e4 e5 2. d4 exd4 3. Qxd4 Nc6 4. Qe3 d6 5. Nc3 Nf6 6. Bd2 Ng4 7. Qf4 g6 8. f3
Bh6 9. Qg3 Bxd2+ 10. Kxd2 Qg5+ 11. f4 Qc5 12. Nh3 Nd4 13. Bd3 Bd7 14. b4 Qxb4
15. Rab1 Qa5 16. Rxb7 Bc6 17. Rb2 h5 18. Rhb1 Kd7 19. Nf2 f5 20. Nxg4 hxg4 21.
Rb4 Ne6 22. exf5 gxf5 23. Bb5 Nc5 24. Bxc6+ Kxc6 25. h3 Rhg8 26. hxg4 fxg4 27.
Qe3 a6 28. Qd4 Ne6 29. Qe4+ Kd7 30. f5 Nc5 31. Qd5 Rge8 32. Rxg4 Rad8 33. Rg7+
Re7 34. Rxe7+ Kxe7 35. Rh1 Re8 36. Rh7+ Kf6 37. Qf7+ 1-0

[Event "DEM U14 2018"]
[Site "Willingen GER"]
[Date "2018.05.20"]
[Round "2"]
[White "Kirchner, Markus"]
[Black "Klaas, Heiko"]
[Result "1-0"]
[Termination "normal"]
[Board "17"]
[WhiteElo "1851"]
[BlackElo "1773"]
[PlyCount "95"]
[WhiteFideId "12979163"]
[BlackFideId "16215940"]
[EventCountry "GER"]
[EventRounds "9"]
[EventType "swiss"]
[EventDate "2018.05.19"]

1. e4 e5 2. Nf3 Nc6 3. d4 exd4 4. Bc4 Bc5 5. c3 Nf6 6. e5 d5 7. Bb5 Ne4 8. cxd4
Bb6 9. Nc3 Bg4 10. Be3 O-O 11. h3 Bh5 12. Qc2 Bg6 13. Qb3 Ne7 14. O-O c6 15.
Bd3 Nd2 16. Nxd2 Bxd3 17. Rfe1 Bg6 18. Na4 Nf5 19. Nf3 Nxe3 20. Rxe3 Re8 21.
Rae1 Ba5 22. R1e2 Rb8 23. Nc5 Bb6 24. Nd3 h6 25. Nf4 Be4 26. Qc3 Qd7 27. b4 Qf5
28. Nd3 Qd7 29. Nf4 Qe7 30. a4 f6 31. a5 Bc7 32. Nd3 fxe5 33. Ndxe5 Qd6 34. Nd2
Bf5 35. Nf1 Rf8 36. Ng3 Bh7 37. Ng4 Bd8 38. Re6 Qd7 39. Qc5 Bg5 40. Qxa7 Bd3
41. Re1 Bd2 42. Re7 Qd8 43. R1e6 Bxb4 44. Rxb7 Rxb7 45. Qxb7 Qxa5 46. Nh5 Qa1+
47. Kh2 Qxd4 48. Ngf6+ 1-0